| 000 | 00000cam 2200000zi 4500 |
| 001 | 9.958013 |
| 003 | CaOODSP |
| 005 | 20260604105013 |
| 006 | m o d f |
| 007 | cr mn||||||||| |
| 008 | 251205t20252025onc ob f000 0 fre d |
| 020 | |a9780660975986 |
| 040 | |aCaOODSP|bfre|erda|cCaOODSP |
| 043 | |an-cn--- |
| 086 | 1 |aBT58-16/2025F-PDF |
| 245 | 00|aExigences en matière d'élaboration, de gestion et d'examen des règlements : |bpolitiques et directive du Cabinet sur la réglementation. |
| 264 | 1|aOttawa, Ontario : |bSecrétariat du Conseil du trésor du Canada = Treasury Board of Canada Secretariat, |c2025. |
| 264 | 4|c©2025 |
| 300 | |a1 ressource en ligne (33 pages) |
| 336 | |atexte|btxt|2rdacontent/fre |
| 337 | |ainformatique|bc|2rdamedia/fre |
| 338 | |aressource en ligne|bcr|2rdacarrier/fre |
| 500 | |aPublié aussi en anglais sous le titre : Requirements for developing, managing and reviewing regulations : Cabinet directive on regulation and policies. |
| 500 | |a« Publié : le 2025-10-13. » |
| 500 | |aComprend des références bibliographiques (page 33). |
| 650 | 6|aAdministration publique (Science)|zCanada. |
| 650 | 6|aReĢglements (Droit administratif)|xPolitique gouvernementale|zCanada. |
| 710 | 1 |aCanada. |bConseil du trésor, |eorganisme de publication. |
| 775 | 08|tRequirements for developing, managing and reviewing regulations : |w(CaOODSP)9.958012 |
| 856 | 40|qPDF|s949 Ko|uhttps://publications.gc.ca/collections/collection_2026/sct-tbs/BT58-16-2025-fra.pdf |
| 856 | 4 |qHTML|sS.O.|uhttps://www.canada.ca/fr/gouvernement/systeme/lois/developpement-amelioration-reglementation-federale/exigences-matiere-elaboration-gestion-examen-reglements.html |